| 000 | 00395pam a2200157a 44500 | ||
|---|---|---|---|
| 008 | 230515b2017 xxu||||| |||| 00| 0 eng d | ||
| 020 | _a9.78813E+12 | ||
| 041 | _aENGLISH | ||
| 082 | _a025.04/MCE/CAS | ||
| 100 | _aMCEWEN A / CASSIMALLY H | ||
| 245 | _aDESIGNING THE INTERNET OF THINGS | ||
| 250 | _a1 | ||
| 260 |
_aNEW DELHI _bWILEY INDIA PVT _c2017 |
||
| 300 | _aXI/324 | ||
| 650 | _aNULL | ||
| 999 |
_c666344 _d666344 |
||